logo

Bir Sreshtho Munshi Abdur Rouf Library
Jhenaidah Cadet College

কথাপ্রকাশ নির্বাচিত শ্রেষ্ঠ কবিতা : (Record no. 3712)

MARC details
000 -LEADER
fixed length control field 00815nam a2200241 a 4500
001 - CONTROL NUMBER
JCCL Control Number 3712
003 - CONTROL NUMBER IDENTIFIER
JCCL marc code BD-JhCC
005 - DATE AND TIME OF LATEST TRANSACTION
control field 20180306130825.0
008 - FIXED-LENGTH DATA ELEMENTS--GENERAL INFORMATION
fixed length control field 171116s2012 bg |||| b||| 000 0 ben d
020 ## - INTERNATIONAL STANDARD BOOK NUMBER
International Standard Book Number 9847012002208
035 ## - SYSTEM CONTROL NUMBER
system control number (BD-JhCC)3712
040 ## - CATALOGING SOURCE
Original cataloging agency BD-JhCC
Modifying agency BD-JhCC
041 ## - LANGUAGE CODE
Language code of Book ben
082 ## - DEWEY DECIMAL CLASSIFICATION NUMBER
Classification number 891.4415
Author mark and Year SRE 2012
245 ## - TITLE STATEMENT
Title কথাপ্রকাশ নির্বাচিত শ্রেষ্ঠ কবিতা :
Remainder of title সুফিয়া কামাল /
Statement of responsibility, etc মিজান রহমান [সম্পা.]
260 ## - PUBLICATION, DISTRIBUTION, ETC. (IMPRINT)
Place of publication, distribution, etc ঢাকা :
Name of publisher, distributor, etc কথাপ্র্রকাশ,
Date of publication, distribution, etc 2012.
300 ## - PHYSICAL DESCRIPTION
Pagination 104 p. :
Dimensions 21 cm.
504 ## - BIBLIOGRAPHY, ETC. NOTE
Bibliography, etc Includes Bibliographical Reference.
650 ## - SUBJECT ADDED ENTRY--TOPICAL TERM
Topical term or geographic name as entry element Collation of Poem
700 ## - ADDED ENTRY--PERSONAL NAME
Personal name রহমান, মিজান
942 ## - ADDED ENTRY ELEMENTS (KOHA)
Source of classification or shelving scheme Dewey Decimal Classification
Koha item type Books
Holdings
Source of classification or shelving scheme Damaged status Not for loan Home library Current library Shelving location Date of accession Cost, normal purchase price Total Checkouts Full call number Barcode Date last seen Copy number Koha item type
Dewey Decimal Classification     JCC Rouf Library JCC Rouf Library General Stacks 11/16/2017 125.00   891.4415 SRE 2012 5340 11/16/2017 C-1 Books

JCC Library | Contacts | JCC Home

Last Update on 23 September 2017
Copyright @ 2017-2020 JCC Rouf Library
Rouf Library, Jhenidah Cadet College (JCC), Bangladesh